Vybrané problémy ekologizácie daňových sústav
Zdaňovanie prírodných zdrojov. Spoplatňovanie užívania vôd podľa zákona o vodách. Sadzby za odňatie a neoprávnený záber poľnohospodárskej pôdy. Nerastné bohatstvo. Daň z elektriny, uhlia a zemného plynu. Zdaňovanie prírodných zdrojov vo vybraných krajinách EÚ. Environmentálne dane v EÚ - štatistiky.
Uložené v:
| Hlavný autor: | |
|---|---|
| Ďalší autori: | |
| Médium: | Kapitola |
| Jazyk: | Slovak |
| Predmet: | |
| Tagy: |
Žiadne tagy, Buďte prvý, kto otaguje tento záznam!
|
MARC
| LEADER | 00000naa$a2200000$$$4500 | ||
|---|---|---|---|
| 001 | 0250197 | ||
| 005 | 20240502074016.2 | ||
| 041 | 0 | |a slo | |
| 044 | |a SK | ||
| 245 | 1 | 0 | |a Vybrané problémy ekologizácie daňových sústav |c Adela Feranecová, Jaroslav Dugas ml. |
| 520 | |a Zdaňovanie prírodných zdrojov. Spoplatňovanie užívania vôd podľa zákona o vodách. Sadzby za odňatie a neoprávnený záber poľnohospodárskej pôdy. Nerastné bohatstvo. Daň z elektriny, uhlia a zemného plynu. Zdaňovanie prírodných zdrojov vo vybraných krajinách EÚ. Environmentálne dane v EÚ - štatistiky. | ||
| 610 | 2 | 0 | |a dane ekologické |
| 610 | 2 | 0 | |a zdaňovanie |
| 610 | 2 | 0 | |a pôda poľnohospodárska |
| 610 | 2 | 0 | |a voda |
| 610 | 2 | 0 | |a zdroje vodné |
| 610 | 2 | 0 | |a zdroje prírodné |
| 610 | 2 | 0 | |a suroviny nerastné |
| 610 | 2 | 0 | |a plyn zemný |
| 610 | 2 | 0 | |a elektrina |
| 610 | 2 | 0 | |a uhlie |
| 610 | 2 | 0 | |a legislatíva |
| 610 | 2 | 0 | |a Slovensko |
| 610 | 2 | 0 | |a Európska únia |
| 100 | 1 | |a Feranecová, Adela, 1986- | |
| 700 | 1 | |a Dugas, Jaroslav, ml. | |